000 00478nam a2200145 i 4500
001 175032
003 ES-MaACL
005 20230906215728.0
008 101001s2010 sp |||| | spa d
245 0 3 _aLa Buena Letra
_b: nuestros sueños : abril 2010.
260 _aFuenlabrada (Madrid) :
_bAsociación de Escritores de Fuenlabrada,
_c2010.
300 _a43 p. :
_bil. ;
_c21 cm.
710 2 _aAsociación de Escritores de Fuenlabrada.
_9143383
852 _aES-MaACL
_j2257-F-14
999 _c175032
_d175032